Discurso en elogio de Don José Cornide de Saavedra, secretario que fue de la Real Academia de la Historia : (Record no. 154135)
[ view plain ]
| 000 -LEADER | |
|---|---|
| campo de control de longitud fija | 01080nam a22002175i 4500 |
| 001 - NÚMERO DE CONTROL | |
| campo de control | 154135 |
| 003 - IDENTIFICADOR DE NÚMERO DE CONTROL | |
| campo de control | ES-MaACL |
| 005 - FECHA Y HORA DE LA ÚLTIMA TRANSACCIÓN | |
| campo de control | 20250524063052.0 |
| 008 - DATOS DE LONGITUD FIJA--INFORMACIÓN GENERAL | |
| campo de control de longitud fija | 981007s1868 sp |||| | spa d |
| 100 1# - ENTRADA PRINCIPAL--NOMBRE DE PERSONA | |
| Nombre de persona | Fort, Carlos Ramón, |
| Fechas asociadas al nombre | 1807-1878 |
| 9 (RLIN) | 51833 |
| 245 10 - MENCIÓN DEL TÍTULO | |
| Título | Discurso en elogio de Don José Cornide de Saavedra, secretario que fue de la Real Academia de la Historia : |
| Resto del título | leído en la Junta pública que celebró este cuerpo a 7 de junio de 1868 / |
| Mención de responsabilidad, etc. | por su individuo de número y bibliotecario Don Carlos Ramón Fort. |
| 260 ## - PUBLICACIÓN, DISTRIBUCIÓN, ETC. | |
| Lugar de publicación, distribución, etc. | Madrid : |
| Nombre del editor, distribuidor, etc. | [s.n.], |
| Fecha de publicación, distribución, etc. | 1868 ( |
| Fabricante | Imp. de José Rodriguez) |
| 300 ## - DESCRIPCIÓN FÍSICA | |
| Extensión | 63 p., [1] h. de lám. ; |
| Dimensiones | 23 cm. |
| 530 ## - NOTA DISPONIBLE DE FORMULARIO FÍSICO ADICIONAL | |
| Nota de formato físico adicional disponible | Disponible en formato digital. |
| 599 ## - NOTA A LAS ILUSTRACIONES | |
| NOTA A LAS ILUSTRACIONES | Lám.: retr. de. José Cornide. |
| 600 14 - PUNTO DE ACCESO ADICIONAL DE MATERIA--NOMBRE DE PERSONA | |
| Nombre de persona | Cornide, José ( |
| Fechas asociadas al nombre | 1734-1803)- |
| Subdivisión general | Homenajes. |
| 9 (RLIN) | 126584 |
| 710 2# - ENTRADA AGREGADA--NOMBRE DE ENTIDAD CORPORATIVA | |
| Nombre de entidad corporativa o nombre de jurisdicción como elemento de entrada | Real Academia de la Historia (España) |
| 9 (RLIN) | 6309 |
| 852 ## - LOCALIZACIÓN | |
| Ubicación | ES-MaACL |
| Número de control de estantería | F-M-III-G |
| Nota libre | - Enc. hol., falto de la enc. original |
| 856 ## - LOCALIZACIÓN Y ACCESO ELECTRÓNICOS | |
| Identificador Uniforme de Recursos | <a href="http://biblioteca.galiciana.gal/es/consulta/registro.do?id=4777 ">http://biblioteca.galiciana.gal/es/consulta/registro.do?id=4777 </a> |
| Nota pública | Biblioteca Dixital de Galicia |
| Estatus retirado | Estado de pérdida | Estado de daño | No para préstamo | Colección | Biblioteca de origen | Biblioteca actual | Ubicación en estantería | Fecha de adquisición | Fuente de adquisición | Total de préstamos | Signatura topográfica completa | Código de barras | Visto por última vez | Precio de reemplazo | Tipo de ítem Koha |
|---|---|---|---|---|---|---|---|---|---|---|---|---|---|---|---|
| Colección digital | Biblioteca del Ateneo de Madrid | Biblioteca del Ateneo de Madrid | Administración | 17/01/2008 | F-M-III-G | 1161169 | 23/02/2023 | 23/02/2023 | Libro impreso antiguo |
